Loading...
Auditory Arts | 4 | 10.00 | 50% | 50% | 0% |
Beliefs | 11 | 17.27 | 91% | 55% | 27% |
Current Events | 4 | 20.00 | 100% | 75% | 25% |
Fine Arts - Other Arts | 2 | 15.00 | 50% | 100% | 0% |
Geography | 2 | 15.00 | 100% | 50% | 0% |
History - American History | 3 | 20.00 | 100% | 67% | 33% |
History - European History | 2 | 20.00 | 100% | 100% | 0% |
History - Other History | 1 | 20.00 | 100% | 100% | 0% |
History - World History | 6 | 18.33 | 100% | 50% | 33% |
Literature - American Literature | 5 | 16.00 | 100% | 40% | 20% |
Literature - British Literature | 7 | 15.71 | 100% | 57% | 0% |
Literature - European Literature | 2 | 15.00 | 100% | 50% | 0% |
Literature - World Literature | 5 | 16.00 | 100% | 60% | 0% |
Other Academic | 1 | 30.00 | 100% | 100% | 100% |
Philosophy | 6 | 15.00 | 50% | 83% | 17% |
Science - Biology | 4 | 15.00 | 100% | 50% | 0% |
Science - Chemistry | 6 | 11.67 | 83% | 33% | 0% |
Science - Other Science | 6 | 13.33 | 83% | 50% | 0% |
Science - Physics | 6 | 10.00 | 67% | 33% | 0% |
Social Science | 6 | 15.00 | 100% | 33% | 17% |
Visual Arts | 2 | 15.00 | 100% | 50% | 0% |